000
00292 a2200121 4500
001
64312
082
_a
620.0042 PEK
090
_c
37968
_d
37968
100
_a
Peklaitis
245
_a
Engineering Optimization methods and applications
260
_a
N Y
_b
John Wiely
_c
1983
300
_a
684 P
942
_a
caenust
_k
620.0042 PEK
999
_c
299385
_d
299385